000 01286cam a2200241 4500
001 WB3941-02
008 031029n2003 000 0 eng u
035 _a(Sirsi) u124144
245 _aDRC launches Open 4 All campaign
260 _c2003
490 _aRICS Building Surveying Faculty News
_v 27 October 2003 (1)
520 _aOn the launch of the Disability Rights Commission (DRC) Open 4 All campaign, it claims the biggest shake-up of consumer legislation affecting every high street in Britain is being ignored by business. By 01 October 2004, all businesses will need to become more user-friendly to Britain's 8.6mn disabled people. The DRC Open 4 All website http://www.open4all.org aims to provide practical advice and information to those affected by the changes. http://www.rics.org/ricscms/bin/show?class=News&template=/includes/shownews.html&id=7391&faculty=Building Surveying&faculty=All Faculties
590 _aWB
650 _aDISABILITY RIGHTS COMMISSION
650 _aCONSUMER LAW
650 _aBUSINESSES
650 _aLEGISLATION
650 _aMANAGEMENT-BUSINESS MANAGEMENT-DISCRIMINATION-DISABILITY DISCRIMINATION-ACCESSIBILITY
650 _aADAPTATION
650 _aDISABILITY DISCRIMINATION ACT 1995
690 _aBUILT ENVIRONMENT
942 _n0
999 _c73681
_d73681